Investor časopis pre úspešné a bezpečné investovanie

Bibliographic Details
Other Authors: Žitňanský, Eduard, 1952-2022 (Publishing director), Poklemba, Pavol (Publishing director)
Format: Journal
Language:Slovak
Published: Bratislava FOND SHOP 2000-2012
Bratislava Ecopress
Subjects:
Online Access:http://www.einvestor.sk/

MARC

LEADER 00000cas a2200000 a 4500
001 vtls001466396
003 SK-MaSNL
005 20260228160746.0
008 100519d20002012xo mr|p 0 0b0slo c
022 |a 1335-8235 
035 |a SNK000421701 
035 |a (SVKBB03)vtls000060494 
040 |a SNK  |b slo  |c SNK  |d SVKBB  |d SAVUK  |d SVKPO  |e AACR2 
041 0 |a slo 
044 |a xo  |c SK 
072 7 |a 33  |x Ekonómia  |2 konspekt 
072 7 |a 336.7  |x Financie  |2 konspekt 
080 |a 050  |2 2001 
080 |a 330.322  |2 2001 
080 |a 336.76  |2 2001 
080 |a 336.714  |2 2001 
080 |a (051)-027.561  |2 2001 
210 0 |a Investor  |b (Tlačené vyd.) 
222 0 |a Investor  |b (Tlačené vydanie) 
245 0 0 |a Investor  |b časopis pre úspešné a bezpečné investovanie 
260 |a Bratislava  |b FOND SHOP  |c 2000-2012 
260 3 |3 2006/3-2012  |a Bratislava  |b Ecopress 
300 |a 13 zv.  |c 30 cm 
310 |a 1x mesačne 
362 0 |a Roč. I (dec. 2000)-roč. 13, č. 5 (máj 2012) 
500 |a Podnázov roč. IX (2008): financie & investície & úspech 
500 |a Podnázov od roč. III, č. 9 (2002) po roč. VIII, č. 1 (2007): sprievodca vo svete financií 
500 |a Šéfredaktor: 2000-2002/5, Eduard Žitňanský, 2002/6-2012, Pavol Poklemba 
500 |a Reg. č.: MK SR 2374/2000 
500 |a Podnázov v tir. od č. 3/2001 po roč. III, č. 7-8/2002: nezávislý časopis pre úspešné a bezpečné investovanie 
500 |a Podnázov v tir.: nezávislý časopis pre úspešné investovanie 
500 |a Podnázov od roč. VIII, č. 2 (2007): sprievodca vo svete osobných financií 
500 |a Podnázov od roč. X (2009): financie & investície & poradenstvo 
530 |a Online vydanie: Investor (Online) ISSN 1336-3107 
650 0 7 |a investície  |2 SNKPH  |9 2292 
650 0 7 |a kapitálové trhy  |2 SNKPH  |9 2270 
650 0 7 |a finančné investovanie  |2 SNKPH  |9 66791 
650 0 7 |a investičné fondy  |2 SNKPH  |9 2294 
650 0 7 |a Investments  |2 SNKPHeng  |9 267272 
650 0 7 |a Financial investments  |2 SNKPHeng  |9 267273 
650 0 7 |a Capital market  |2 SNKPHeng  |9 267274 
650 0 7 |a Investment funds  |2 SNKPHeng  |9 267275 
655 7 |a odborné časopisy  |2 SNKPH  |9 70505 
655 7 |a Professional journals  |2 SNKPHeng  |9 265007 
700 1 |a Žitňanský, Eduard,  |d 1952-2022  |4 pbd  |9 110414 
700 1 |a Poklemba, Pavol  |4 pbd  |9 267276 
770 0 |t Finančná ročenka  |w vtls010039482 
852 |a Štátna vedecká knižnica v Banskej Bystrici 
856 4 |u http://www.einvestor.sk/ 
910 |a snk 
910 |a savuk 
916 |a 2000-2012 
999 |c 3549  |d 5479 
952 |0 0  |1 0  |4 0  |7 0  |8 0  |a SNK  |b SNK  |d 2010-06-02  |f 1  |i snk2010/11867  |l 0  |o snkČSB 5689/1/2000  |p 17A0635936  |r 2026-02-21 19:43:19  |t č. 1  |w 2026-02-21  |y PREZ 
952 |0 0  |1 0  |4 0  |7 0  |8 0  |a SNK  |b SNK  |d 2010-06-02  |i snk2010/11868  |l 0  |o snkČSB 5689/1/2000 D1  |p 17A0635937  |r 2026-02-21 19:43:19  |t č. 1  |w 2026-02-21  |y PREZ 
952 |0 0  |1 0  |4 0  |7 0  |8 0  |a SNK  |b SNK  |d 2010-06-02  |f 1  |i snk2010/11869  |l 0  |o snkČSB 5689/2/2001  |p 17A0635938  |r 2026-02-21 19:43:19  |t č. 1-12  |w 2026-02-21  |y PREZ 
952 |0 0  |1 0  |4 0  |7 0  |8 0  |a SNK  |b SNK  |d 2010-06-02  |i snk2010/11870  |l 0  |o snkČSB 5689/2/2001 D1  |p 17A0635939  |r 2026-02-21 19:43:19  |t č. 1-12  |w 2026-02-21  |y PREZ 
952 |0 0  |1 0  |4 0  |7 0  |8 0  |a SNK  |b SNK  |d 2010-06-02  |f 1  |i snk2010/11871  |l 0  |o snkČSB 5689/3/2002  |p 17A0635940  |r 2026-02-21 19:43:19  |t č. 1-12  |w 2026-02-21  |y PREZ 
952 |0 0  |1 0  |4 0  |7 0  |8 0  |a SNK  |b SNK  |d 2010-06-02  |i snk2010/11872  |l 0  |o snkČSB 5689/3/2002 D1  |p 17A0635941  |r 2026-02-21 19:43:19  |t č. 1-12, neúplné  |w 2026-02-21  |y PREZ  |z Chýba č. 10. 
952 |0 0  |1 0  |4 0  |7 0  |8 0  |a SNK  |b SNK  |d 2010-06-02  |f 1  |i snk2010/11874  |l 0  |o snkČSB 5689/4/2003  |p 17A0635942  |r 2026-02-21 19:43:19  |t č. 1-12  |w 2026-02-21  |y PREZ 
952 |0 0  |1 0  |4 0  |7 0  |8 0  |a SNK  |b SNK  |d 2010-06-02  |i snk2010/11875  |l 0  |o snkČSB 5689/4/2003 D1  |p 17A0635944  |r 2026-02-21 19:43:20  |t č. 1-12, neúplné  |w 2026-02-21  |y PREZ  |z Chýba č. 7-8. 
952 |0 0  |1 0  |4 0  |7 0  |8 0  |a SNK  |b SNK  |d 2010-06-02  |f 1  |i snk2010/11876  |l 0  |o snkČSB 5689/5/2004  |p 17A0635963  |r 2026-02-21 19:43:20  |t č. 1-12  |w 2026-02-21  |y PREZ 
952 |0 0  |1 0  |4 0  |7 0  |8 0  |a SNK  |b SNK  |d 2010-06-02  |i snk2010/11877  |l 0  |o snkČSB 5689/5/2004 D1  |p 17A0635964  |r 2026-02-21 19:43:20  |t č. 1-12  |w 2026-02-21  |y PREZ 
952 |0 0  |1 0  |4 0  |7 0  |8 0  |a SNK  |b SNK  |d 2010-06-02  |f 1  |i snk2010/11878  |l 0  |o snkČSB 5689/6/2005  |p 17A0635943  |r 2026-02-21 19:43:20  |t č. 1-12 + adresár v č. 9  |w 2026-02-21  |y PREZ 
952 |0 0  |1 0  |4 0  |7 0  |8 0  |a SNK  |b SNK  |d 2010-06-02  |f 1  |i snk2010/11886  |l 0  |o snkČSB 5689/7/2006  |p 17A0635965  |r 2026-02-21 19:43:20  |t č. 1-12  |w 2026-02-21  |y PREZ 
952 |0 0  |1 0  |4 0  |7 0  |8 0  |a SNK  |b SNK  |d 2010-06-02  |i snk2010/11887  |l 0  |o snkČSB 5689/7/2006 D1  |p 17A0635992  |r 2026-02-21 19:43:20  |t č. 1-12  |w 2026-02-21  |y PREZ 
952 |0 0  |1 0  |4 0  |7 0  |8 0  |a SNK  |b SNK  |d 2010-06-02  |i snk2010/11888  |l 0  |o snkČSB 5689/8/2007 D1  |p 17A0635994  |r 2026-02-21 19:43:20  |t č. 1-12 + adresár v č. 3  |w 2026-02-21  |y PREZ 
952 |0 0  |1 0  |4 0  |7 0  |8 0  |a SNK  |b SNK  |d 2010-06-02  |f 1  |i snk2010/11889  |l 0  |o snkČSB 5689/8/2007  |p 17A0635993  |r 2026-02-21 20:22:09  |t č. 1-12 + adresár v č. 3  |w 2026-02-21  |y PREZ 
952 |0 0  |1 0  |4 0  |7 0  |8 0  |a SNK  |b SNK  |d 2014-01-24  |f 1  |i snk2014/2327  |l 0  |o snkČSB 5689/9/2008  |p 17A0859123  |r 2026-02-21 20:31:34  |t č. 1-12  |w 2026-02-21  |y PREZ 
952 |0 0  |1 0  |4 0  |7 0  |8 0  |a SNK  |b SNK  |d 2014-01-24  |i snk2014/2330  |l 0  |o snkČSB 5689/9/2008 D1  |p 17A0859124  |r 2026-02-21 20:31:34  |t č. 1-12  |w 2026-02-21  |y PREZ 
952 |0 0  |1 0  |4 0  |7 0  |8 0  |a SNK  |b SNK  |d 2014-01-24  |f 1  |i snk2014/2333  |l 0  |o snkČSB 5689/10/2009  |p 17A0859125  |r 2026-02-21 20:31:34  |t č. 1-12  |w 2026-02-21  |y PREZ 
952 |0 0  |1 0  |4 0  |7 0  |8 0  |a SNK  |b SNK  |d 2014-01-24  |i snk2014/2340  |l 0  |o snkČSB 5689/10/2009 D1  |p 17A0859126  |r 2026-02-21 20:31:34  |t č. 1-12  |w 2026-02-21  |y PREZ 
952 |0 0  |1 0  |4 0  |7 0  |8 0  |a SNK  |b SNK  |d 2014-01-24  |f 1  |i snk2014/2349  |l 0  |o snkČSB 5689/11/2010  |p 17A0859127  |r 2026-02-21 20:31:37  |t č. 1-12  |w 2026-02-21  |y PREZ 
952 |0 0  |1 0  |4 0  |7 0  |8 0  |a SNK  |b SNK  |d 2014-01-24  |i snk2014/2353  |l 0  |o snkČSB 5689/11/2010 D1  |p 17A0859128  |r 2026-02-21 20:31:38  |t č. 1-12  |w 2026-02-21  |y PREZ 
952 |0 0  |1 0  |4 0  |7 0  |8 0  |a SNK  |b SNK  |d 2014-01-24  |f 1  |i snk2014/2359  |l 0  |o snkČSB 5689/12/2011  |p 17A0859129  |r 2026-02-21 20:31:38  |t č. 1-12  |w 2026-02-21  |y PREZ 
952 |0 0  |1 0  |4 0  |7 0  |8 0  |a SNK  |b SNK  |d 2014-01-24  |i snk2014/2365  |l 0  |o snkČSB 5689/12/2011 D1  |p 17A0859130  |r 2026-02-21 20:31:38  |t č. 1-12  |w 2026-02-21  |y PREZ 
952 |0 0  |1 0  |4 0  |7 0  |8 0  |a SNK  |b SNK  |d 2014-01-24  |f 1  |i snk2014/2384  |l 0  |o snkČSB 5689/13/2012  |p 17A0859131  |r 2026-02-21 20:31:38  |t č. 1-5  |w 2026-02-21  |y PREZ 
952 |0 0  |1 0  |4 0  |7 0  |8 0  |a SNK  |b SNK  |d 2014-01-24  |i snk2014/2407  |l 0  |o snkČSB 5689/13/2012 D1  |p 17A0859132  |r 2026-02-21 20:31:38  |t č. 1-5  |w 2026-02-21  |y PREZ 
952 |0 0  |1 0  |4 0  |7 0  |8 0  |a SNK  |b SNK  |d 2010-06-02  |i snk2010/11881  |l 0  |o snkČSB 5689/6/2005 D1  |p 17A0635945  |r 2026-02-21 21:42:06  |t č. 1-12 + adresár v č. 9  |w 2026-02-21  |y PREZ